| 000 | 00529nam a2200181 i 4500 | ||
|---|---|---|---|
| 001 | 93406 | ||
| 003 | ES-MaACL | ||
| 005 | 20250730063115.0 | ||
| 007 | t| | ||
| 008 | 050526s1914 po ||||1| por d | ||
| 080 | _a821.134.3-31"18/19" | ||
| 100 | 1 |
_aRosa, Marques, _d1864-1927? _999607 |
|
| 245 | 1 | 0 |
_aD. Mécia _b: romance histórico do século XIII / _cRosa Marques. |
| 260 |
_aFamalicão : _bGaspar Pinto de Sousa, _c1914. |
||
| 300 |
_a512 p. ; _c23 cm. |
||
| 852 |
_aES-MaACL _jG-3054 |
||
| 999 |
_c93406 _d93406 |
||